|
|
|
|
| LEADER |
00000cam a2200000 7i4500 |
| 001 |
0000002068 |
| 005 |
20020919.0 |
| 020 |
0 |
0 |
|a 1566704111
|
| 090 |
0 |
0 |
|a 338.927
|b LAW 2001
|
| 100 |
1 |
0 |
|a LAWN
|h Philip A.
|
| 245 |
1 |
0 |
|a Toward sustainable development :
|b an ecological economics approach
|c by Philip A. Lawn
|
| 260 |
0 |
0 |
|a Boca Raton :
|b Lewis Pub.; International Society for Ecological Economics ,
|c 2001
|
| 300 |
|
|
|a 462 p. :
|b ill. ;
|c 25 cm.
|
| 440 |
0 |
0 |
|a Ecological economics series (International Society for Ecological Economics)
|
| 500 |
0 |
0 |
|a Bibliography : (p. 433-448) and index
|
| 650 |
0 |
0 |
|a Environmental economics
|
| 650 |
0 |
0 |
|a Sustainable development
|
| 998 |
|
|
|a JPSM
|
| 999 |
|
|
|a 0000003450
|b Monograph
|c Open Shelf
|e Default branch
|